The timetables of science (Record no. 9750)

MARC details
000 -LEADER
fixed length control field 00674nam a2200205Ia 4500
003 - CONTROL NUMBER IDENTIFIER
control field IN-BaIIA
008 - FIXED-LENGTH DATA ELEMENTS--GENERAL INFORMATION
fixed length control field 211028s9999 xx 000 0 eng d
020 ## - INTERNATIONAL STANDARD BOOK NUMBER
International Standard Book Number 0-283-99926-8
040 ## - CATALOGING SOURCE
Transcribing agency IIA Library
080 ## - UNIVERSAL DECIMAL CLASSIFICATION NUMBER
Universal Decimal Classification number 5(091)
Item number HEL
100 ## - MAIN ENTRY--PERSONAL NAME
Personal name Hellemans, A.
9 (RLIN) 16503
245 #4 - TITLE STATEMENT
Title The timetables of science
Remainder of title a chronology of the most important people and events in the history of science
Statement of responsibility, etc. A. Hellemans and B. Bunch
260 ## - PUBLICATION, DISTRIBUTION, ETC.
Place of publication, distribution, etc. London
Name of publisher, distributor, etc. Sidwick and Jackson
Date of publication, distribution, etc. 1988
300 ## - PHYSICAL DESCRIPTION
Extent vii, 656p.
650 ## - SUBJECT ADDED ENTRY--TOPICAL TERM
Topical term or geographic name entry element Chronology
9 (RLIN) 3047
650 ## - SUBJECT ADDED ENTRY--TOPICAL TERM
Topical term or geographic name entry element NASA Thesaurus
650 ## - SUBJECT ADDED ENTRY--TOPICAL TERM
Topical term or geographic name entry element TM Science
9 (RLIN) 16504
700 ## - ADDED ENTRY--PERSONAL NAME
Personal name Bunch, B.
9 (RLIN) 16505
942 ## - ADDED ENTRY ELEMENTS (KOHA)
Koha item type Books
Holdings
Withdrawn status Lost status Damaged status Not for loan Home library Current library Shelving location Date acquired Cost, normal purchase price Total Checkouts Full call number Barcode Date last seen Cost, replacement price Price effective from Koha item type Purchase Price
        IIA Library-Bangalore IIA Library-Bangalore General Stacks   382.05   5(091)/ HEL 10660 05/11/2021 382.05   Books Rs. 382.05

Powered by Koha